000 01277nam a22002417a 4500
005 2011022207587.0
008 110222t xxu||||| |||| 00| 0 mar d
010 _aMAR-20619
020 _a9788177866131
_c200.00
035 _aMR-13277
037 _bDBAD / PUB
040 _aDPL
_bMR
082 _a158.1
100 _aग्लॅडवेल,माल्कम
_926164
245 _aब्लिंक :
_cमाल्कम ग्लॅडवेल : गो द पहिनकर द्वारा अनुवादित
_bक्षणार्धात निर्णय घेण्याची शक्ती /
246 _aBlink
_bby Malcolm Gladwell
260 _aऔरंगाबाद
_bसाकेत प्रकाशन
_c2010
270 _a115,म.गांधीनगर,स्टेशन रोड
_bऔरंगाबाद
_e431005
300 _aसव्वीस,372पृ
_c21सेमी(अजिल्द)
_bसचित्र
700 _926165
_aपहिनकर,गो द
942 _2ddc
_cMR
_mग्लॅडवे
_h158.1
999 _c50740
_d50740